| 000 | 00979nam0a22002531 4500 | ||
|---|---|---|---|
| 001 | rc\961998 | ||
| 005 | 20250622060351.0 | ||
| 035 | _a(NLR Aleph) 006131630 | ||
| 090 |
_a5567722 _c5567722 |
||
| 100 | _a20041129d1982 |||y0rusy50 ca | ||
| 101 | 0 | _arus | |
| 102 | _aRU | ||
| 105 | _aa ||||||||| | ||
| 200 | 1 |
_aСцинтилляционный монитор для методических исследований детекторов частиц на синхрофазотроне ЛВЭ ОИЯИ _fВ.М. Головин, А.В. Зарубин, Н.М. Лустов и др. |
|
| 210 |
_aДубна _cОИЯИ _d1982 |
||
| 215 |
_a5 с. _cил. _d21 |
||
| 225 | 1 |
_aСообщения Объединенного института ядерных исследований _v13-82-587 |
|
| 320 | _aБиблиогр.: с. 4 | ||
| 701 | 1 |
_aГоловин _bВ.М. |
|
| 801 | 0 |
_aRU _bNLR _gpsbo |
|
| 801 | 1 |
_aRU _bELAR _2rusmarc |
|
| 852 |
_aNLR _j83-6/2601 |
||
| 942 | _cBOOK | ||
| 980 | _aNB | ||